Тот день, когда умерли все боги: пер. с англ.
| Autor principal: | |
|---|---|
| Lenguaje: | ruso |
| Publicado: |
Москва, Эксмо, 2003-
|
| Colección: | Стальная Крыса Глубокий Космос |
| Formato: | MixedMaterials Libro |
| KOHA link: | https://koha.lib.tpu.ru/cgi-bin/koha/opac-detail.pl?biblionumber=34226 |
MARC
| LEADER | 00000nam1a2200000 4500 | ||
|---|---|---|---|
| 001 | 34226 | ||
| 005 | 20231030224533.0 | ||
| 035 | |a (RuTPU)RU\TPU\book\34611 | ||
| 035 | |a BOOK00001262 | ||
| 090 | |a 34226 | ||
| 100 | |a 20011210d2003 m y0rusy50 ca | ||
| 101 | 1 | |a rus | |
| 102 | |a RU | ||
| 200 | 1 | |a Тот день, когда умерли все боги |e пер. с англ. |f С. Дональдсон | |
| 210 | |a Москва |c Эксмо |a СПб. |c Terra Fantastica |d 2003- | ||
| 225 | 1 | |a Стальная Крыса | |
| 225 | 1 | |a Глубокий Космос | |
| 700 | 1 | |a Дональдсон |b С. |g Стивен | |
| 801 | 0 | |a RU |b 63413507 |c 20011210 |g PSBO | |
| 801 | 2 | |a RU |b 63413507 |c 20041001 |g PSBO | |
| 942 | |c BK | ||